Statistics for Countries that has territories

Click here to take the quiz!

General Stats

  • This quiz has been taken 25 times
  • The average score is 20 of 29

Answers on the Map

Answers color-coded by a green-red scale on the quiz's map according to % correct below.
 

Answer Stats

Answer% Correct
France
96%
United Kingdom
96%
China
92%
Spain
92%
United States of America
92%
Australia
88%
Japan
88%
Portugal
88%
Russia
88%
Denmark
84%
New Zealand
84%
Canada
80%
Chile
80%
Italy
80%
Norway
80%
Sweden
76%
Ecuador
72%
Finland
72%
India
72%
Turkey
72%
Brazil
68%
Greece
64%
Indonesia
60%
Philippines
48%
South Korea
44%
Cuba
24%
Yemen
20%
Estonia
16%
Kiribati
8%

Score Distribution

Percentile by Number Answered

Percent of People with Each Score

Your Score History

You have not taken this quiz